[Event "Oberliga Nord W 1617"]
[Site "Germany"]
[Date "2017.01.15"]
[Round "4.5"]
[White "Baisakow, Alexander"]
[Black "Schulze, Ingo"]
[Result "1-0"]
[WhiteElo "2164"]
[BlackElo "2035"]
[PlyCount "69"]
[EventDate "2016.10.16"]
[EventType "team-tourn"]
[EventRounds "9"]
[EventCountry "GER"]
[SourceTitle "EXT 2018"]
[Source "ChessBase"]
[SourceDate "2017.10.13"]
[SourceVersion "1"]
[SourceVersionDate "2017.10.13"]
[SourceQuality "1"]
[WhiteTeam "Nordhorn Blanke"]
[BlackTeam "Uelzen Post"]
[WhiteTeamCountry "GER"]
[BlackTeamCountry "GER"]

1. e4 c6 2. Nf3 d5 3. exd5 cxd5 4. Ne5 Nc6 5. d4 g6 6. Bb5 Bd7 7. Nxd7 Qxd7 8. c4 Bg7 9. Nc3 e6 10. Qf3 Nge7 11. Bg5 0-0 12. 0-0 a6 13. cxd5 Nxd5 14. Bxc6 Qxc6 15. Rfd1 Nxc3 16. Qxc6 bxc6 17. bxc3 Rab8 18. Rab1 Rb5 19. Bf4 Rc8 20. a4 Rd5 21. Be3 e5 22. c4 Rd7 23. d5 cxd5 24. cxd5 Bf8 25. Rb6 a5 26. Rb5 Bb4 27. Kf1 f6 28. Bd2 Rc4 29. Bxb4 axb4 30. a5 b3 31. Rxb3 Rc5 32. a6 Ra5 33. Rb7 Rd6 34. a7 Rda6 35. Rc1 1-0

[Event "Oberliga Nord W 1516"]
[Site "Germany"]
[Date "2015.10.11"]
[Round "2.3"]
[White "Baisakow, Alexander"]
[Black "Gentemann, Moritz"]
[Result "1/2-1/2"]
[WhiteElo "2150"]
[BlackElo "2232"]
[PlyCount "155"]
[EventDate "2015.09.20"]
[EventType "team-tourn"]
[EventRounds "9"]
[EventCountry "GER"]
[SourceTitle "CBM 170 Extra"]
[Source "ChessBase"]
[SourceDate "2016.02.25"]
[SourceVersion "1"]
[SourceVersionDate "2016.02.25"]
[SourceQuality "1"]
[WhiteTeam "Nordhorn Blanke"]
[BlackTeam "Lister Turm"]
[WhiteTeamCountry "GER"]
[BlackTeamCountry "GER"]

1. e4 e5 2. Nf3 Nc6 3. Bc4 Nf6 4. d3 Bc5 5. 0-0 d6 6. c3 0-0 7. Nbd2 a6 8. Bb3 Ba7 9. Re1 Ne7 10. d4 exd4 11. cxd4 Nc6 12. d5 Ne7 13. Nf1 Ng4 14. Ne3 Ng6 15. Nxg4 Bxg4 16. h3 Bxf3 17. Qxf3 f5 18. exf5 Nh4 19. Qg4 Rxf5 20. Be3 Bxe3 21. Rxe3 Rf8 22. Rae1 Qf6 23. Qe6+ Rf7 24. Qxf6 Rxf6 25. Re8+ Rxe8 26. Rxe8+ Rf8 27. Re4 Ng6 28. g3 Ne5 29. Kg2 Nd3 30. Re2 g5 31. a3 Ne5 32. Bc2 Kg7 33. Re4 Rf7 34. h4 g4 35. Bd1 h5 36. Be2 Rf5 37. Rb4 b5 38. a4 c5 39. dxc6 Nxc6 40. Re4 Kf6 41. axb5 axb5 42. Re8 Rc5 43. Rh8 Kg7 44. Ra8 Nd4 45. Bd3 Nf3 46. Be4 Nd2 47. Bd3 Rd5 48. Ra7+ Kf6 49. Be2 Ne4 50. Rh7 Rd2 51. Kf1 Kg6 52. Re7 d5 53. b4 Kf6 54. Rb7 Nc3 55. Bxb5 Rd1+ 56. Kg2 Nxb5 57. Rxb5 Ke5 58. Rb8 d4 59. Rb5+ Ke4 60. Rxh5 d3 61. Rh8 Rb1 62. Rd8 Rxb4 63. h5 Rb5 64. h6 Rh5 65. Rd6 d2 66. Rxd2 Rxh6 67. Ra2 Rb6 68. Ra5 Rg6 69. Rc5 Rg8 70. Rc7 Kf5 71. f3 gxf3+ 72. Kxf3 Ra8 73. Rc5+ Kg6 74. Kg4 Ra4+ 75. Kh3 Ra6 76. Kh4 Ra4+ 77. g4 Ra6 78. Rb5 1/2-1/2

[Event "Oberliga Nord W 1415"]
[Site "Germany"]
[Date "2015.03.15"]
[Round "8.4"]
[White "Issing, Peter"]
[Black "Baisakow, Alexander"]
[Result "1/2-1/2"]
[WhiteElo "2182"]
[BlackElo "2170"]
[PlyCount "37"]
[EventDate "2014.09.22"]
[EventType "team-tourn"]
[EventRounds "9"]
[EventCountry "GER"]
[SourceTitle "EXT 2016"]
[Source "ChessBase"]
[SourceDate "2015.10.08"]
[SourceVersion "1"]
[SourceVersionDate "2015.10.08"]
[SourceQuality "1"]
[WhiteTeam "Bremer SG"]
[BlackTeam "Nordhorn Blanke"]
[WhiteTeamCountry "GER"]
[BlackTeamCountry "GER"]

1. d4 d5 2. c4 c6 3. Nf3 Nf6 4. e3 a6 5. Nc3 b5 6. b3 Bg4 7. Be2 Nbd7 8. 0-0 e6 9. Bb2 Bd6 10. h3 Bh5 11. Nd2 Bg6 12. c5 Bc7 13. f4 0-0 14. b4 a5 15. a3 h6 16. Bf3 Nh7 17. Qe2 f6 18. bxa5 Rxa5 19. Na2 1/2-1/2

[Event "Oberliga Nord W 1415"]
[Site "Germany"]
[Date "2015.02.22"]
[Round "7.3"]
[White "Markgraf, Stefan"]
[Black "Baisakow, Alexander"]
[Result "0-1"]
[WhiteElo "2110"]
[BlackElo "2171"]
[PlyCount "82"]
[EventDate "2014.09.22"]
[EventType "team-tourn"]
[EventRounds "9"]
[EventCountry "GER"]
[SourceTitle "EXT 2016"]
[Source "ChessBase"]
[SourceDate "2015.10.08"]
[SourceVersion "1"]
[SourceVersionDate "2015.10.08"]
[SourceQuality "1"]
[WhiteTeam "Goettingen Tempo"]
[BlackTeam "Nordhorn Blanke"]
[WhiteTeamCountry "GER"]
[BlackTeamCountry "GER"]

1. e4 c5 2. Nf3 d6 3. c3 Nf6 4. Bd3 g6 5. Bc2 Bg7 6. 0-0 0-0 7. d3 Nc6 8. Nbd2 b5 9. Qe2 b4 10. d4 bxc3 11. bxc3 cxd4 12. cxd4 Nb4 13. Bd3 Nxd3 14. Qxd3 Qb6 15. Re1 Ba6 16. Qb3 Qxb3 17. axb3 Bb7 18. Bb2 Rfc8 19. d5 Nxe4 20. Bxg7 Nxd2 21. Nxd2 Kxg7 22. Rxe7 Bxd5 23. Rd7 Rc2 24. Nf3 Rac8 25. h3 Rc1+ 26. Rxc1 Rxc1+ 27. Kh2 a5 28. Ra7 Ra1 29. b4 a4 30. Ra5 Bxf3 31. gxf3 Kf6 32. b5 Ke6 33. Ra7 Kd5 34. Ra6 a3 35. b6 Kc6 36. b7+ Kxb7 37. Rxd6 a2 38. Rd7+ Kb6 39. Rd2 Kb5 40. Rb2+ Kc4 41. Kg2 Rg1+ 0-1

[Event "Oberliga Nord W 1415"]
[Site "Germany"]
[Date "2015.01.18"]
[Round "5.5"]
[White "Grebener, Soeren"]
[Black "Baisakow, Alexander"]
[Result "0-1"]
[WhiteElo "1935"]
[BlackElo "2185"]
[PlyCount "126"]
[EventDate "2014.09.22"]
[EventType "team-tourn"]
[EventRounds "9"]
[EventCountry "GER"]
[SourceTitle "EXT 2016"]
[Source "ChessBase"]
[SourceDate "2015.10.08"]
[SourceVersion "1"]
[SourceVersionDate "2015.10.08"]
[SourceQuality "1"]
[WhiteTeam "Delmenhorst"]
[BlackTeam "Nordhorn Blanke"]
[WhiteTeamCountry "GER"]
[BlackTeamCountry "GER"]

1. e4 c5 2. Nf3 d6 3. d4 cxd4 4. Nxd4 Nf6 5. Nc3 a6 6. f4 Qc7 7. Bd3 e5 8. Nf3 Be7 9. 0-0 0-0 10. Kh1 Nbd7 11. Qe1 b5 12. Ne2 Re8 13. fxe5 dxe5 14. Ng3 Nc5 15. Qc3 b4 16. Qe1 Bb7 17. Bg5 Rad8 18. Bxf6 Nxd3 19. cxd3 Bxf6 20. Nh5 Re6 21. Nxf6+ Rxf6 22. Qxb4 Rb6 23. Qa5 f6 24. Rfc1 Qd6 25. Rc3 Rxb2 26. Rac1 Rd7 27. Qa4 Qe6 28. a3 Rb6 29. Qc2 Rbd6 30. Nd2 f5 31. Nb3 fxe4 32. Nc5 exd3 33. Qd2 Qg4 34. Nxd7 Rxd7 35. Rc4 Rd4 36. Rc7 Bd5 37. Rc8+ Kf7 38. Rf1+ Kg6 39. Rb8 h6 40. Rb6+ Kh7 41. Rb2 Qh3 42. Rb4 Rxb4 43. axb4 Bb7 44. Kg1 Qd7 45. Qf2 e4 46. Qe3 Qd5 47. Rd1 Qb3 48. Qd2 Bc6 49. Re1 Qd5 50. Re3 g5 51. h3 Kg6 52. Kf2 Kf5 53. Ke1 Qd4 54. Qf2+ Ke5 55. Qd2 Bb5 56. Kf2 Kd5 57. Qa2+ Qc4 58. Qb2 Qd4 59. Qa2+ Bc4 60. Qd2 Qf6+ 61. Ke1 Qf4 62. Kd1 Kd4 63. Re1 e3 0-1

[Event "Oberliga Nord W 1415"]
[Site "Germany"]
[Date "2014.09.22"]
[Round "1.4"]
[White "Steingraeber, Kai Uwe"]
[Black "Baisakow, Alexander"]
[Result "1-0"]
[WhiteElo "2195"]
[BlackElo "2195"]
[PlyCount "99"]
[EventDate "2014.09.22"]
[EventType "team-tourn"]
[EventRounds "9"]
[EventCountry "GER"]
[SourceTitle "EXT 2016"]
[Source "ChessBase"]
[SourceDate "2015.10.08"]
[SourceVersion "1"]
[SourceVersionDate "2015.10.08"]
[SourceQuality "1"]
[WhiteTeam "Werder Bremen II"]
[BlackTeam "Nordhorn Blanke"]
[WhiteTeamCountry "GER"]
[BlackTeamCountry "GER"]

1. e4 c5 2. Nf3 d6 3. d4 cxd4 4. Nxd4 a6 5. Nc3 Nf6 6. Bg5 Nbd7 7. f4 e6 8. Qf3 Be7 9. 0-0-0 Qc7 10. g4 b5 11. Bxf6 Bxf6 12. Bxb5 Rb8 13. Bxd7+ Bxd7 14. g5 Bxd4 15. Rxd4 Qb6 16. Qd3 Qxb2+ 17. Kd2 Bb5 18. Qe3 e5 19. Rxd6 0-0 20. Qc5 Rbc8 21. Qxe5 Rfe8 22. Rb1 Qa3 23. Rb3 Qa5 24. Qd4 Red8 25. Kc1 Qc7 26. e5 Rxd6 27. exd6 Qc6 28. Kb2 Bc4 29. d7 Rd8 30. Rb6 Qc7 31. Qd6 Qxd6 32. Rxd6 Be6 33. Ne4 Rxd7 34. Rxd7 Bxd7 35. c4 Kf8 36. Kc3 Ke7 37. Kb4 Bc8 38. c5 Ke6 39. Nd6 Bd7 40. Ka5 Kd5 41. Kb6 f6 42. Nb7 h5 43. Na5 Ke4 44. c6 Bg4 45. Nc4 Kxf4 46. gxf6 gxf6 47. c7 Be6 48. Kc6 Kg4 49. Nb6 Kh3 50. Nd7 1-0

[Event "Oberliga Nord W 1314"]
[Site "Germany"]
[Date "2014.04.06"]
[Round "9.5"]
[White "Baisakow, Alexander"]
[Black "Koelle, Arthur"]
[Result "1/2-1/2"]
[WhiteElo "2218"]
[BlackElo "2215"]
[PlyCount "153"]
[EventDate "2013.10.13"]
[EventType "team-tourn"]
[EventRounds "9"]
[EventCountry "GER"]
[SourceTitle "EXT 2015"]
[Source "ChessBase"]
[SourceDate "2014.11.20"]
[SourceVersion "1"]
[SourceVersionDate "2014.11.20"]
[SourceQuality "1"]
[WhiteTeam "Nordhorn Blanke"]
[BlackTeam "Hannover SF"]
[WhiteTeamCountry "GER"]
[BlackTeamCountry "GER"]

1. e4 c5 2. Nc3 e6 3. Bc4 a6 4. a4 Nc6 5. d3 Nge7 6. f4 d5 7. Ba2 g6 8. Nf3 Bg7 9. 0-0 0-0 10. Qe1 Nd4 11. Nxd4 cxd4 12. Nd1 Bd7 13. a5 Rc8 14. Bb3 Rc5 15. Bd2 dxe4 16. dxe4 Bb5 17. Rf3 Nc6 18. Nf2 Re8 19. Rd1 b6 20. axb6 Qxb6 21. e5 Nxe5 22. Rh3 Nc4 23. Ne4 Rd5 24. Kh1 Qd8 25. Bc1 h6 26. Qf2 f5 27. Nd2 Ne3 28. Re1 Ng4 29. Qg1 Rd6 30. Rg3 Kh7 31. Nf3 Nf6 32. Ne5 Ne4 33. Rxg6 Bxe5 34. fxe5 Kxg6 35. exd6 Qh4 36. h3 Bc6 37. Rxe4 Bxe4 38. Kh2 f4 39. Qf1 Qg3+ 40. Kg1 e5 41. d7 Rd8 42. Qxa6+ Kg7 43. Qe2 f3 44. Qd2 Qxg2+ 45. Qxg2+ fxg2 46. Ba4 Rf8 47. Bb5 d3 48. Bxd3 Bxd3 49. cxd3 Rd8 50. Kxg2 Rxd7 51. Kf3 Rxd3+ 52. Ke4 Rxh3 53. Kxe5 Rb3 54. Kf5 Rb5+ 55. Kg4 Kg6 56. Kh4 Rb4+ 57. Kh3 Kh5 58. Kg3 Rb3+ 59. Kh2 Kg4 60. Kg2 h5 61. Kh2 h4 62. Kg2 Rb7 63. b4 Rxb4 64. Ba3 Rc4 65. Bd6 Rc2+ 66. Kg1 Kh3 67. Be5 Rc1+ 68. Kf2 Kg4 69. Kg2 Rc2+ 70. Kg1 Kf3 71. Kh1 Kg4 72. Kg1 Kh3 73. Bd6 Rg2+ 74. Kf1 Rg6 75. Bc7 Rc6 76. Be5 Rc5 77. Bd6 1/2-1/2

[Event "BL2-West 1213"]
[Site "Germany"]
[Date "2012.11.25"]
[Round "3.6"]
[White "Baisakow, Alexander"]
[Black "Schneider, Bernd"]
[Result "1/2-1/2"]
[WhiteElo "2204"]
[BlackElo "2406"]
[PlyCount "147"]
[EventDate "2012.10.14"]
[EventType "team-tourn"]
[EventRounds "9"]
[EventCountry "GER"]
[SourceTitle "CBM 154 Extra"]
[Source "ChessBase"]
[SourceDate "2013.06.25"]
[SourceVersion "2"]
[SourceVersionDate "2013.06.25"]
[SourceQuality "1"]
[WhiteTeam "Nordhorn Blanke"]
[BlackTeam "Bochum SV"]
[WhiteTeamCountry "GER"]
[BlackTeamCountry "GER"]

1. e4 g6 2. d4 Bg7 3. Be3 c6 4. h3 d5 5. Nc3 dxe4 6. Nxe4 Nd7 7. Qd2 Ngf6 8. Bd3 Nxe4 9. Bxe4 Nf6 10. Bf3 Be6 11. Ne2 Bd5 12. Bxd5 Qxd5 13. 0-0 0-0 14. c3 Ne4 15. Qc2 Nd6 16. Nf4 Qf5 17. Qxf5 Nxf5 18. Bd2 Rad8 19. Rad1 Rd7 20. Nd3 b6 21. Bf4 Rfd8 22. g4 Nxd4 23. cxd4 Rxd4 24. Rde1 Rxd3 25. Rxe7 Bxb2 26. Rxa7 b5 27. Rc7 Bd4 28. Rxc6 Rxh3 29. Kg2 Rc3 30. Rxc3 Bxc3 31. a3 Rd4 32. Kg3 Ra4 33. Rb1 Rxa3 34. Rxb5 Kg7 35. g5 Be5+ 36. f3 Bxf4+ 37. Kxf4 Ra1 38. Rb7 Rh1 39. Kg4 Rg1+ 40. Kf4 Re1 41. Ra7 Kf8 42. Kg4 Re7 43. Ra8+ Kg7 44. f4 h6 45. gxh6+ Kxh6 46. Rh8+ Kg7 47. Ra8 Re3 48. Ra7 Kf6 49. Ra6+ Re6 50. Ra5 Rb6 51. Ra7 Ke6 52. Rc7 Kf6 53. Ra7 Rb1 54. Ra6+ Kg7 55. Ra7 Rg1+ 56. Kf3 g5 57. fxg5 Rxg5 58. Ra3 Kg6 59. Kf2 Rg4 60. Rb3 Kg5 61. Ra3 Rf4+ 62. Kg2 f6 63. Rb3 Ra4 64. Rc3 Kf4 65. Rb3 Ra2+ 66. Kf1 f5 67. Rb4+ Kg3 68. Rb3+ Kg4 69. Rc3 f4 70. Rb3 f3 71. Rb8 Ra1+ 72. Kf2 Ra2+ 73. Kf1 Ra1+ 74. Kf2 1/2-1/2

[Event "Oberliga Nord W 1112"]
[Site "Germany"]
[Date "2011.10.23"]
[Round "2.4"]
[White "Baisakow, Alexander"]
[Black "Barlag, Christoph"]
[Result "0-1"]
[WhiteElo "2181"]
[BlackElo "2155"]
[PlyCount "112"]
[EventDate "2011.10.02"]
[EventType "team-tourn"]
[EventRounds "9"]
[EventCountry "GER"]
[SourceTitle "EXT 2013"]
[Source "ChessBase"]
[SourceDate "2012.11.22"]
[SourceVersion "1"]
[SourceVersionDate "2012.11.22"]
[SourceQuality "1"]
[WhiteTeam "Nordhorn Blanke"]
[BlackTeam "Braunschweig Gliesmarode"]
[WhiteTeamCountry "GER"]
[BlackTeamCountry "GER"]

1. e4 Nf6 2. e5 Nd5 3. d4 d6 4. c4 Nb6 5. exd6 cxd6 6. Nc3 g6 7. Be3 Bg7 8. Rc1 0-0 9. b3 e5 10. dxe5 dxe5 11. Qxd8 Rxd8 12. Nb5 Nc6 13. Nxa7 Nd4 14. Nxc8 Nxc8 15. Bxd4 exd4 16. a4 Ne7 17. f4 Nc6 18. Nf3 Re8+ 19. Kf2 Re3 20. Nd2 Rae8 21. c5 d3 22. Nf3 Bb2 23. Rd1 Nb4 24. g4 Bc3 25. Bg2 d2 26. Bf1 Nd3+ 27. Bxd3 Rxd3 28. Rhf1 Bb4 29. Ne5 Rxb3 30. Kg2 f6 31. Nd7 Kg7 32. g5 Re2+ 33. Rf2 Rxf2+ 34. Kxf2 fxg5 35. fxg5 Rh3 36. Nf6 Rxh2+ 37. Ke3 Bxc5+ 38. Kd3 Bb4 39. Rf1 Rh3+ 40. Ke2 Rh2+ 41. Kd3 Rf2 42. Rb1 b6 43. Kc4 Ba5 44. Rh1 Kf8 45. Nxh7+ Ke7 46. Kd3 Rf4 47. Ra1 Kd6 48. Nf6 Ke5 49. Kc2 Rf3 50. Rb1 Kd4 51. Nd7 Rc3+ 52. Kd1 Re3 53. Kc2 Re1 54. Rd1 Ke3 55. Nxb6 Bxb6 56. Rxd2 Re2 0-1

[Event "Oberliga Nord W 0910"]
[Site "Germany"]
[Date "2010.03.21"]
[Round "8.3"]
[White "Roehrich, Stefan"]
[Black "Baisakow, Alexander"]
[Result "0-1"]
[WhiteElo "2195"]
[BlackElo "2115"]
[PlyCount "114"]
[EventDate "2009.10.18"]
[EventType "team-tourn"]
[EventRounds "9"]
[EventCountry "GER"]
[SourceTitle "EXT 2011"]
[Source "ChessBase"]
[SourceDate "2010.11.26"]
[SourceVersion "1"]
[SourceVersionDate "2010.11.26"]
[SourceQuality "1"]
[WhiteTeam "Hellern"]
[BlackTeam "Nordhorn Blanke"]
[WhiteTeamCountry "GER"]
[BlackTeamCountry "GER"]

1. Nc3 g6 2. d4 Bg7 3. Nf3 d6 4. h3 Nf6 5. Bg5 0-0 6. Qd2 c6 7. a4 Qc7 8. e4 e5 9. dxe5 dxe5 10. Bc4 Rd8 11. Qe3 Nbd7 12. 0-0 Nf8 13. Rfd1 Be6 14. Rxd8 Rxd8 15. Bxe6 Nxe6 16. Bxf6 Bxf6 17. Qxa7 Nd4 18. Ne1 Qe7 19. Qb6 Bg5 20. a5 Bd2 21. a6 bxa6 22. Qxa6 Qg5 23. Kf1 Qf4 24. g3 Qh6 25. Kg2 Bxe1 26. Rxe1 Qd2 27. Qb6 Re8 28. Ra1 Qxc2 29. Ra7 Qd3 30. Re7 Qf3+ 31. Kg1 Ra8 32. Ra7 Rf8 33. Qa6 Qh5 34. Kg2 Qf3+ 35. Kg1 h5 36. h4 Qg4 37. Qd3 Rb8 38. Qc4 Nf3+ 39. Kg2 Nxh4+ 40. Kf1 Qh3+ 41. Ke2 Rxb2+ 42. Ke3 Ng2+ 43. Kd3 Ne1+ 44. Ke3 Nc2+ 45. Kd3 Qf1+ 46. Ne2 Qxe2+ 47. Kxe2 Na3+ 48. Kd3 Nxc4 49. Kxc4 Rxf2 50. Kc5 Rf3 51. Kxc6 Rxg3 52. Kd6 h4 53. Kxe5 h3 54. Ra1 h2 55. Rh1 Rg2 56. Kf6 g5 57. Ra1 g4 0-1